000
00391nam a22001697a 4500
003
MPLRDC
005
20220104143159.0
008
210129b ||||| |||| 00| 0 eng d
082
_a
945.32 WGZ
100
_a
吴冠中著
245
_a
吴冠中画选
_c
250
_a
一版一刷
260
_a
_b
人民美术出版社
_c
1979
300
_b
平
650
_a
942
_c
BK
_o
945.32 WGZ
999
_c
37407
_d
37397